Normal view MARC view

Entry Personal Name

Number of records used in: 1

001 - CONTROL NUMBER

  • control field: 2477

003 - CONTROL NUMBER IDENTIFIER

  • control field: OSt

005 - DATE AND TIME OF LATEST TRANSACTION

  • control field: 20231005101530.0

008 - FIXED-LENGTH DATA ELEMENTS

  • fixed length control field: 231005|| aca||aabn | a|a d

040 ## - CATALOGING SOURCE

  • Original cataloging agency: OSt
  • Transcribing agency: OSt

100 ## - HEADING--PERSONAL NAME

  • Personal name: Harris, Philip R.
  • Fuller form of name: (Philip Robert),
  • Dates associated with a name: 1926-

670 ## - SOURCE DATA FOUND

  • Source citation: Work cat.: (OSt)0: Moran, Robert T., 1938- 2475, Managing cultural differences :, c2007.

If you have any concerns or questions; kindly contact the library


© Powered by WIUC ICT DIRECTORATE